| 000 | 00617nam a2200253 a 4500 | ||
|---|---|---|---|
| 001 | 0001-1226 | ||
| 003 | ELIB.Books | ||
| 008 | 150529 2010 eng | ||
| 020 | _aKBTS | ||
| 035 | _a(ELIB.Books)0001-1381 | ||
| 092 |
_aJ _bAun |
||
| 100 | _aAung Khin, U. | ||
| 245 | _aAn Ecumenical Perspective On Dialogue | ||
| 250 | _aEngament | ||
| 260 |
_aMIT _bJudson Research Center _c2006 |
||
| 300 |
_a27-29 _c25 Cm |
||
| 500 | _aJournal | ||
| 650 | _aReligion | ||
| 856 |
_nKBTS: Library _uKBTS: Elib |
||
| 942 |
_2ddc _cBK |
||
| 990 | _a1 | ||
| 998 |
_cbat _e2015-05-29 |
||
| 999 |
_c11226 _d11226 |
||